« Retourner aux résultats de recherche
J'apprends à cuisiner...
tartes, pizzas et gâteaux !
| Support: | Livres |
|---|---|
| Langue: | Francais |
| Publié: |
2015 Langue au chat Chevron (Belgique) |
| Genre: |
Documentaire jeunesse |
| Sujets: | |
| Étiquettes: |
Ajouter
Pas de Tags !
|
| LEADER | 00841nam0a2200181 450 | ||
|---|---|---|---|
| 001 | 16830956 | ||
| 010 | |a 978-2-8063-0655-5 |b cart. |d 14,95 | ||
| 100 | |a 20150925d2015 u u0frey01 ba | ||
| 101 | 0 | |a fre | |
| 102 | |a BE | ||
| 200 | 0 | |a J'apprends à cuisiner... |e tartes, pizzas et gâteaux ! | |
| 207 | 1 | |a | |
| 210 | |a Chevron (Belgique) |c Langue au chat |d 2015 | ||
| 215 | |a 1 vol. (80 p.) |c illustrations en couleur |d 29 cm | ||
| 330 | |a Des recettes illustrées pour apprendre à cuisiner tartes sucrées ou salées, pizzas, biscuits et gâteaux. Avec des conseils pour mesurer les ingrédients, manipuler les moules, réaliser un glaçage et décorer des biscuits. Electre 2016 | ||
| 900 | |a Documentaire jeunesse | ||
| 901 | |a Accessible au prêt | ||
| 995 | |a BD 13 |b 156 |c Bibliothèque |f 00156010993632 |h 00156010993632 |k E 641.5 JAP |o p |q j |r az |e BD 13 | ||
